Jeux Olympiques 1972 - Pays participants - Statistiques

Statistiques générales
  • Ce quiz a été pris 8 fois
  • Le résultat moyen est 131 sur 139
Réponses sur la Carte
Les réponses sont colorées sur une échelle allant du rouge au vert en fonction du pourcentage des utilisateurs qui les ont devinées à leur premier essai. Vous pouvez retrouver ces pourcentages ci-dessous.
 
Statistiques - réponses
Nombre d'athlètes Pays % Correct
05 Algérie
100%
297 Allemagne de l'Est
100%
423 Allemagne de l'Ouest
100%
92 Argentine
100%
168 Australie
100%
111 Autriche
100%
20 Bahamas
100%
88 Belgique
100%
18 Birmanie
100%
11 Bolivie
100%
81 Brésil
100%
130 Bulgarie
100%
11 Cameroun
100%
208 Canada
100%
11 Chili
100%
59 Colombie
100%
37 Corée du Nord
100%
42 Corée du Sud
100%
11 Côte d'Ivoire
100%
03 Dahomey
100%
126 Danemark
100%
02 Equateur
100%
124 Espagne
100%
401 Etats-Unis
100%
31 Ethiopie
100%
96 Finlande
100%
227 France
100%
01 Gabon
100%
35 Ghana
100%
60 Grèce
100%
08 Guatemala
100%
07 Haïti
100%
01 Honduras britannique
100%
232 Hongrie
100%
41 Inde
100%
06 Indonésie
100%
48 Iran
100%
59 Irlande
100%
25 Islande
100%
14 Israël
100%
224 Italie
100%
33 Jamaïque
100%
184 Japon
100%
57 Kenya
100%
19 Liban
100%
06 Liechtenstein
100%
45 Malaisie
100%
16 Malawi
100%
35 Maroc
100%
174 Mexique
100%
39 Mongolie
100%
07 Nicaragua
100%
112 Norvège
100%
89 Nouvelle-Zélande
100%
25 Pakistan
100%
03 Paraguay
100%
119 Pays-Bas
100%
20 Pérou
100%
53 Philippines
100%
290 Pologne
100%
29 Portugal
100%
05 République dominicaine
100%
06 République du Congo
100%
284 Royaume-Uni
100%
11 Salvador
100%
37 Sénégal
100%
26 Soudan
100%
132 Suède
100%
151 Suisse
100%
05 Syrie
100%
15 Tanzanie
100%
04 Tchad
100%
33 Thaïlande
100%
07 Togo
100%
35 Tunisie
100%
43 Turquie
100%
371 URSS
100%
13 Uruguay
100%
23 Venezuela
100%
02 Vietnam
100%
124 Yougoslavie
100%
08 Afghanistan
80%
05 Albanie
80%
11 Arabie Saoudite
80%
13 Barbade
80%
04 Ceylan
80%
03 Costa Rica
80%
136 Cuba
80%
23 Egypte
80%
02 Fidji
80%
03 Guyana
80%
01 Haute-Volta
80%
01 Lesotho
80%
05 Liberia
80%
11 Luxembourg
80%
11 Madagascar
80%
03 Mali
80%
05 Malte
80%
01 Népal
80%
04 Niger
80%
25 NIgeria
80%
33 Ouganda
80%
07 Panama
80%
09 République khmère
80%
159 Roumanie
80%
07 Saint-Marin
80%
07 Singapour
80%
03 Somalie
80%
02 Suriname
80%
02 Swaziland
80%
21 Taïwan
80%
181 Tchécoslovaquie
80%
04 Koweït
60%
05 Monaco
60%
19 Trinité-et-Tobago
60%
11 Zambie
60%
Aucun quiz correspondant
Distribution des résultats
% des personnes avec chaque résultat
Percentile par nombre de réponses
Votre historique - résultats
Vous n’avez pas pris ce quiz